Staňte se značkou! osobní branding aneb jak si chytří lidé budují značku, která jim zajistí úspěch

Salvato in:
Dettagli Bibliografici
Autore principale: Kaputa, Catherine
Natura: Libro
Lingua:ceco
Pubblicazione: Praha Management Press 2011
Soggetti:
Tags: Aggiungi Tag
Nessun Tag, puoi essere il primo ad aggiungerne!!

MARC

LEADER 00000nam a2200000 4500
001 0165234
005 20221207093837.0
020 |a 978-80-7261-234-5 
041 0 |a cze 
044 |a CZ 
245 1 0 |a Staňte se značkou!  |b osobní branding aneb jak si chytří lidé budují značku, která jim zajistí úspěch  |c Catherine Kaputa 
264 1 |a Praha  |b Management Press  |c 2011 
300 |a 239 s. 
610 2 0 |a úspech pracovný 
610 2 0 |a osobnosť 
610 2 0 |a marketing 
610 2 0 |a schopnosti pracovné 
610 2 0 |a zručnosti 
610 2 0 |a identita 
610 2 0 |a sebapoznanie 
100 1 |a Kaputa, Catherine